000 00303nam a22001337a 4500
008 170629b xxu||||| |||| 00| 0 eng d
020 _a9780130814302
041 _aeng
080 _29 ED
_a82
100 _a22
101 _aGJL
245 _aWRITING ABOUT LITERATURE
_cROBERTS.E.V
942 _2udc
_cBK
999 _c19492
_d19492